Ethics In Psychology And The Mental Health Professions (Record no. 47556)
[ view plain ]
| 000 -LEADER | |
|---|---|
| fixed length control field | 00469nam a2200169 4500 |
| 005 - DATE AND TIME OF LATEST TRANSACTION | |
| control field | 20260511100543.0 |
| 008 - FIXED-LENGTH DATA ELEMENTS--GENERAL INFORMATION | |
| fixed length control field | 260511b |||||||| |||| 00| 0 eng d |
| 020 ## - INTERNATIONAL STANDARD BOOK NUMBER | |
| ISBN | 9780199957699 |
| 082 ## - DEWEY DECIMAL CLASSIFICATION NUMBER | |
| Classification number | 174.915 |
| Author Mark | KOO-E |
| 100 ## - MAIN ENTRY--AUTHOR | |
| Author Name | Koocher P.Gerald |
| 245 ## - TITLE STATEMENT | |
| Title | Ethics In Psychology And The Mental Health Professions |
| Sub-Title | Standards And Cases |
| 250 ## - EDITION STATEMENT | |
| Edition statement | 4th Ed |
| 260 ## - PUBLICATION, DISTRIBUTION, ETC. | |
| Place of Publication | New York |
| Name of publisher, distributor, etc. | Oxford University Press |
| 300 ## - PHYSICAL DESCRIPTION | |
| Pages | 654p |
| 650 ## - SUBJECT ADDED ENTRY--TOPICAL TERM | |
| Subject / Department | Psychology |
| 942 ## - ADDED ENTRY ELEMENTS (KOHA) | |
| Koha item type | Book |
| Withdrawn status | Lost status | Damaged status | Not for loan | Collection code | Permanent Location | Current Location | Shelving Location | Date acquired | Source of acquisition | Inventory number | Total Checkouts | Full Call Number | Accession No./Barcode | Date last seen | Koha item type |
|---|---|---|---|---|---|---|---|---|---|---|---|---|---|---|---|
| Psychology | Air University H-11 Campus Islamabad | Air University H-11 Campus Islamabad | Psychology Basement Floor | 04/27/2026 | Ali Book Services | AUH11-01 | 174.915 KOO-E | AUHEP0098 | 05/11/2026 | Book |







